Ross and Wilson anatomy and physiology in health and illness / (Record no. 4943)
[ view plain ]
| 000 -LEADER | |
|---|---|
| fixed length control field | 00867cam a22002651 4500 |
| 001 - CONTROL NUMBER | |
| control field | 16258 |
| 003 - CONTROL NUMBER IDENTIFIER | |
| control field | BD-DhUAP |
| 005 - DATE AND TIME OF LATEST TRANSACTION | |
| control field | 20201124161216.0 |
| 008 - FIXED-LENGTH DATA ELEMENTS--GENERAL INFORMATION | |
| fixed length control field | 201124s2010 enka b 000 0 eng |
| 020 ## - INTERNATIONAL STANDARD BOOK NUMBER | |
| International Standard Book Number | 9780702032271 |
| 020 ## - INTERNATIONAL STANDARD BOOK NUMBER | |
| International Standard Book Number | 9780702032288 |
| 040 ## - CATALOGING SOURCE | |
| Original cataloging agency | DLC |
| Transcribing agency | MBNU |
| Modifying agency | OCoLC |
| -- | KyLoU-H |
| -- | Uk |
| -- | OCoLC |
| -- | BD-DhUAP |
| Language of cataloging | eng |
| 082 ## - DEWEY DECIMAL CLASSIFICATION NUMBER | |
| Classification number | 612 WAU |
| Edition number | 23 |
| 100 1# - MAIN ENTRY--PERSONAL NAME | |
| Personal name | Waugh, Anne. |
| 245 10 - TITLE STATEMENT | |
| Title | Ross and Wilson anatomy and physiology in health and illness / |
| Statement of responsibility, etc. | Anne Waugh and Allison Grant ; illustrations by Graeme Chambers. |
| 250 ## - EDITION STATEMENT | |
| Edition statement | 11th ed. |
| 260 ## - PUBLICATION, DISTRIBUTION, ETC. | |
| Place of publication, distribution, etc. | London : |
| Name of publisher, distributor, etc. | Churchill Livingstone Elsevier, |
| Date of publication, distribution, etc. | c2010. |
| 300 ## - PHYSICAL DESCRIPTION | |
| Extent | xii, 495 pages : |
| Other physical details | illustrations ; |
| Dimensions | 28 cm. |
| 504 ## - BIBLIOGRAPHY, ETC. NOTE | |
| Bibliography, etc. note | Includes bibliographical references and indexes. |
| 650 #0 - SUBJECT ADDED ENTRY--TOPICAL TERM | |
| Topical term or geographic name entry element | Human physiology. |
| 650 #0 - SUBJECT ADDED ENTRY--TOPICAL TERM | |
| Topical term or geographic name entry element | Human anatomy. |
| 650 #0 - SUBJECT ADDED ENTRY--TOPICAL TERM | |
| Topical term or geographic name entry element | Pathology. |
| 700 ## - ADDED ENTRY--PERSONAL NAME | |
| Personal name | Grant, Allison. |
| 942 ## - ADDED ENTRY ELEMENTS (KOHA) | |
| Source of classification or shelving scheme | |
| Koha item type | Book |
| Withdrawn status | Lost status | Source of classification or shelving scheme | Damaged status | Not for loan | Permanent Location | Current Location | Shelving location | Date acquired | Total Checkouts | Full call number | Barcode | Date last seen | Date last checked out | Copy number | Price effective from | Koha item type | Total Renewals | Date due |
|---|---|---|---|---|---|---|---|---|---|---|---|---|---|---|---|---|---|---|
| UAP Central Library | UAP Central Library | General Stacks | 2020-11-24 | 3 | 612 WAU | 3010016258 | 2024-02-27 | 2024-02-08 | 1 | 2020-11-24 | Book | |||||||
| UAP Central Library | UAP Central Library | General Stacks | 2020-11-25 | 612 WAU | 3010017463 | 2020-11-25 | 2 | 2020-11-25 | Book | |||||||||
| UAP Central Library | UAP Central Library | General Stacks | 2020-11-25 | 1 | 612 WAU | 3010017461 | 2024-03-13 | 2024-02-06 | 3 | 2020-11-25 | Book | 2 | ||||||
| UAP Central Library | UAP Central Library | General Stacks | 2020-11-25 | 6 | 612 WAU | 3010017465 | 2024-03-07 | 2024-01-28 | 4 | 2020-11-25 | Book | 8 | ||||||
| UAP Central Library | UAP Central Library | General Stacks | 2020-11-25 | 1 | 612 WAU | 3010016255 | 2022-03-21 | 2022-03-21 | 5 | 2020-11-25 | Book | 2022-04-05 | ||||||
| UAP Central Library | UAP Central Library | General Stacks | 2020-11-25 | 3 | 612 WAU | 3010017459 | 2024-03-21 | 2024-02-08 | 6 | 2020-11-25 | Book | 3 | ||||||
| UAP Central Library | UAP Central Library | General Stacks | 2020-11-25 | 7 | 612 WAU | 3010017467 | 2025-02-11 | 2025-02-04 | 7 | 2020-11-25 | Book | 3 | ||||||
| UAP Central Library | UAP Central Library | General Stacks | 2020-11-25 | 612 WAU | 3010017466 | 2020-11-25 | 8 | 2020-11-25 | Book | |||||||||
| UAP Central Library | UAP Central Library | General Stacks | 2020-11-25 | 612 WAU | 3010016264 | 2020-11-25 | 9 | 2020-11-25 | Book | |||||||||
| UAP Central Library | UAP Central Library | General Stacks | 2020-11-25 | 2 | 612 WAU | 3010016260 | 2024-04-04 | 2024-02-06 | 10 | 2020-11-25 | Book | 2 | ||||||
| UAP Central Library | UAP Central Library | General Stacks | 2020-11-26 | 1 | 612 WAU | 3010016262 | 2023-10-05 | 2023-08-28 | 11 | 2020-11-26 | Book | 2 | ||||||
| UAP Central Library | UAP Central Library | General Stacks | 2020-11-26 | 612 WAU | 3010016259 | 2020-11-26 | 12 | 2020-11-26 | Book | |||||||||
| UAP Central Library | UAP Central Library | General Stacks | 2020-11-26 | 612 WAU | 3010016256 | 2020-11-26 | 13 | 2020-11-26 | Book | |||||||||
| UAP Central Library | UAP Central Library | General Stacks | 2020-11-26 | 612 WAU | 3010017460 | 2020-11-26 | 14 | 2020-11-26 | Book | |||||||||
| UAP Central Library | UAP Central Library | General Stacks | 2020-11-26 | 7 | 612 WAU | 3010017462 | 2024-02-06 | 2024-01-14 | 15 | 2020-11-26 | Book | 9 | ||||||
| UAP Central Library | UAP Central Library | General Stacks | 2020-11-26 | 612 WAU | 3010016257 | 2020-11-26 | 16 | 2020-11-26 | Book | |||||||||
| UAP Central Library | UAP Central Library | General Stacks | 2020-11-26 | 612 WAU | 3010016263 | 2020-11-26 | 17 | 2020-11-26 | Book | |||||||||
| UAP Central Library | UAP Central Library | General Stacks | 2021-01-31 | 7 | 612 WAU | 3010017458 | 2025-02-18 | 2025-02-10 | 18 | 2021-01-31 | Book | 2 | ||||||
| UAP Central Library | UAP Central Library | General Stacks | 2021-01-31 | 612 WAU | 3010017464 | 2021-01-31 | 19 | 2021-01-31 | Book | |||||||||
| UAP Central Library | UAP Central Library | General Stacks | 2021-01-31 | 612 WAU | 3010016261 | 2021-01-31 | 20 | 2021-01-31 | Book |
Bengali Keyboard